Proceeding of the first joint worlshop on environmental conservation and suitainable agriculture

Đã lưu trong:
書目詳細資料
Nhiều tác giả của công ty: CanTho University, College of Agriculture
格式: 圖書
語言:Undetermined
出版: Can Tho CanTho University 2000
主題:
標簽: 添加標簽
沒有標簽, 成為第一個標記此記錄!
Thư viện lưu trữ: Trung tâm Học liệu Trường Đại học Cần Thơ
LEADER 00580nam a2200181Ia 4500
001 CTU_127313
008 210402s9999 xx 000 0 und d
082 |a 630.72 
082 |b C212 
110 |a CanTho University 
110 |b College of Agriculture 
245 0 |a Proceeding of the first joint worlshop on environmental conservation and suitainable agriculture 
245 0 |c CanTho University. College of Agriculture 
260 |a Can Tho 
260 |b CanTho University 
260 |c 2000 
650 |a Agriculture 
980 |a Trung tâm Học liệu Trường Đại học Cần Thơ